Greek Definite Article - Statistics

General Stats
  • This quiz has been taken 12 times
  • The average score is 4 of 36
Answer Stats
Answer % Correct
Nominative
100%
Genitive τοῦ
33%
Accusative τόν
33%
Nominative
33%
Accusative τήν
33%
Nominative τόν
33%
Genitive τοῦ
33%
Accusative τόν
33%
Nominative οἱ
33%
Dative τῷ
0%
Genitive τῆς
0%
Dative τῇ
0%
Dative τῷ
0%
Nominative τώ
0%
Genitive τοῖν
0%
Dative τοῖν
0%
Accusative τώ
0%
Nominative τά
0%
Genitive ταῖν
0%
Dative ταῖν
0%
Accusative τά
0%
Nominative τώ
0%
Genitive τοῖν
0%
Dative τοῖν
0%
Accusative τώ
0%
Genitive τῶν
0%
Dative τοῖς
0%
Accusative τούς
0%
Nominative αἱ
0%
Genitive τῶν
0%
Dative ταῖς
0%
Accusative τάς
0%
Nominative τά
0%
Genitive τῶν
0%
Dative τοῖς
0%
Accusative τά
0%
No matching quizzes found
Score Distribution
Percent of People with Each Score
Percentile by Number Answered
Your Score History
You have not taken this quiz